000 00981nam a22002777a 4500
001 5106
003 FISKH
005 20260211082222.0
008 241106b cb ||||| |||| 00| 0 eng d
020 _a9780545224918
040 _aFISKH
_beng
_cFISKH
_dFISKH
050 _aPZ7.S855625
082 _a813.6
100 _aStiefvater, Maggie
245 _aThe Scorpio races /
_cby Maggie Stiefvater
250 _aFirst Scholastic paperback printing, April 2013
260 _aNew York :
_bScholastic ;
_c2011 .
300 _a435 pages :
_billustrations ;
_c21 cm .
505 _aU
520 _aNineteen-year-old returning champion Sean Kendrick competes against Puck Connolly, the first girl ever to ride in the annual Scorpio Races, both trying to keep hold of their dangerous water horses long enough to make it to the finish line.
521 8 _a840
_bLexile
521 8 _aU
_bRaz-Plus
650 _ahorses
_vfiction
942 _2ddc
_cBK
_n0
999 _c5106
_d5106